| 000 | 00364nam a22001457a 4500 | ||
|---|---|---|---|
| 020 | _a81-223-0914-3 | ||
| 082 |
_a294.5924 _bMEH/W |
||
| 100 | _aMEHTA, J M | ||
| 245 | _aTHE WISDOM OF THE GITA | ||
| 260 |
_aDELHI _bPUSTAK MAHAL _c2005 |
||
| 300 | _a109 | ||
| 520 | _aCOVERS THE MAIN TEACHINGS ENSHRINED IN THE SCRIPTURE | ||
| 650 |
_aRELIGIOUS _zINDIA |
||
| 942 | _cBK | ||
| 999 |
_c5227 _d5227 |
||